[Event "VIII Iberoamericano Mexico 2022"]
[Site "Mexico City"]
[Date "2022.02.19"]
[Round "8.15"]
[White "Jimenez Garcia, Emmanuel"]
[Black "Chinchilla Miranda, Eugenio"]
[Result "1-0"]
[WhiteElo "2403"]
[BlackElo "2193"]
[Annotator "TA"]
[PlyCount "99"]
[EventDate "2022.02.12"]
[EventType "swiss"]
[EventCountry "MEX"]
[SourceTitle "playchess.com"]
[Source "ChessBase"]
[SourceQuality "1"]

{[%evp 9,99,-16,-6,-33,-36,-39,-33,-66,-47,-46,-45,-66,-47,-40,-43,-39,-37,-43,-38,-37,-28,-22,-6,-13,-13,-22,-25,-22,-22,-25,-41,-41,-31,-59,-24,-33,-28,-42,-42,-40,-8,-25,0,-8,6,6,16,18,15,-15,-25,-27,-37,-37,0,0,2,6,6,6,6,8,3,0,0,0,0,0,0,8,92,102,244,239,787,760,1542,1455,1101,981,2202,1792,2325,2333,1934,1860,1618,1601,2734,2708,2024,1991]} 1. Nf3 d5 2. b3 c5 3. Bb2 f6 4. e3 e5 5. Bb5+ Bd7 6. Bxd7+ {A06: Réti Opening: 1 Nf3 d5.} Qxd7 7. O-O Nc6 8. d3 {Black is slightly better.} Bd6 9. e4 Nge7 {[#]} 10. Nc3 $146 ({Predecessor:} 10. c3 O-O 11. a3 a5 12. Nbd2 d4 13. cxd4 cxd4 14. Nc4 Ra6 {½-½ (14) Movsziszian,K (2439)-Vera Gonzalez Quevedo,R (2490) Albacete 2005}) 10... Bc7 (10... d4 $5 {[%cal Rd4c3]} 11. Nb5 Rd8 $11) 11. exd5 Nxd5 12. Nxd5 Qxd5 13. Nd2 O-O 14. Qg4 Rad8 15. Qc4 Nb4 16. Rfc1 Qxc4 17. bxc4 f5 {[%cal Oe5e4]} 18. a3 Nc6 {[%cal Oe5e4]} 19. Nb3 b6 20. Re1 Rfe8 21. Re2 Kf7 22. Rae1 Re6 23. Nd2 {[%cal Bb3d2,Bd2b1,Bb1a3][%mdl 32]} Rde8 24. f3 a6 25. a4 Bd6 26. Nb1 Nd4 27. Rf2 b5 28. axb5 axb5 29. c3 Nb3 30. Na3 b4 31. Nb5 bxc3 (31... Bb8 {seems wilder.} 32. Rfe2 h5 33. h3 g6 34. h4 Rd8) 32. Bxc3 {[%cal Of3f4]} Nd4 33. Bxd4 exd4 34. Nxd6+ Rxd6 35. Rxe8 Kxe8 $11 {[%mdl 4096] Endgame KR-KR} 36. Re2+ Kd7 $1 37. Re5 {[%csl LRc5,LRf5]} Kc6 38. Kf2 Rf6 39. Re7 g6 (39... Rg6 $11 {remains equal.}) 40. Rxh7 $16 {And now h4 would win.} Re6 {[#] A mistake that costs the game.} (40... Kb6 $16) 41. h4 $1 $18 {[%cal Bh2h4,Bh4h5,Bh5g6][%mdl 32]} Kb6 $2 {[#]} (41... Kd6 42. Kg3 Ke5) 42. Rh6 $1 {h5 is the strong threat. White is clearly winning.} Ka5 43. h5 Kb4 44. hxg6 {aiming for g7.} Re7 45. f4 Kc3 46. Rh3 Kd2 47. Rg3 {Threatens to win with g7.} Rg7 48. Kf1 Kd1 49. Rg5 Kd2 50. g4 {Weighted Error Value: White=0.05 (flawless) /Black=0.21 (precise)} 1-0

[Event "VIII Iberoamericano Mexico 2022"]
[Site "Mexico City"]
[Date "2022.02.19"]
[Round "8.16"]
[White "Lopez Gonzalez, Abel Fabian"]
[Black "Avila Rodriguez, Joshua Ad"]
[Result "0-1"]
[WhiteElo "2379"]
[BlackElo "2182"]
[Annotator "TA"]
[PlyCount "72"]
[EventDate "2022.02.12"]
[EventType "swiss"]
[EventCountry "MEX"]
[SourceTitle "playchess.com"]
[Source "ChessBase"]
[SourceQuality "1"]

{[%evp 13,72,0,0,-10,0,0,0,-20,0,-22,0,0,0,0,0,0,2,11,0,-12,0,0,0,0,0,0,0,-20,0,0,0,0,0,0,54,-92,-66,-90,-80,-177,-167,-166,-146,-221,-184,-199,-184,-358,-177,-177,718,605,493,-177,-87,-29992,29994,-141,-139,-29999,809]} 1. d4 {Huschenbeth,Niclas} Nf6 2. c4 e6 3. Nc3 Bb4 4. g3 O-O 5. Bg2 d5 6. Nf3 dxc4 7. O-O Nc6 8. Qa4 {E20: Nimzo-Indian: 4 g3 and 4 f3.} Nd5 9. Qc2 Be7 10. Rd1 {The position is equal.} Rb8 11. e4 {[#]} Ncb4 12. Qd2 (12. Qb1 Nb6) 12... Nxc3 13. Qxc3 b5 14. b3 Bb7 15. Ne1 cxb3 16. axb3 f5 17. exf5 Bxg2 18. Nxg2 Rxf5 {[#]} 19. Rxa7 $146 ({Predecessor:} 19. Ne3 Nd5 20. Qc2 Nxe3 21. fxe3 Rf7 22. Rxa7 Bd6 23. e4 e5 24. Be3 exd4 25. Bxd4 {0-1 (40) Naiditsch,A (2643)-Huschenbeth,N (2620) Khanty-Mansiysk 2019 CBM 192 [Huschenbeth,Niclas]}) 19... Bd6 20. Qe1 Qd7 21. Qe4 Bc5 22. Rxc7 Qxc7 23. dxc5 Qxc5 (23... Rd5 $11 24. Rf1 (24. Qxe6+ Qf7 $17) 24... Qxc5) 24. Be3 (24. Bf4 $1 $14 {was the only good move.} Rbf8 25. Rc1) 24... Qe7 25. Nf4 {To avoid Rd5} Re8 26. Nxe6 Qxe6 27. Qxb4 Rd5 28. Rc1 (28. Rxd5 $17 {is a better defense.} Qxd5 29. h4) 28... Red8 29. Kg2 h6 ({Stronger than} 29... Rh5 30. h4 $17) 30. Qf4 $2 (30. Rc7) 30... Rd1 ({Avoid the trap} 30... Rh5 $2 31. h4 $19) (30... Rf5 $142 31. Qb4 Rd3) 31. Rxd1 $19 Rd5 {[%mdl 8192]} ({Inferior is} 31... Rxd1 32. Qb8+ Kh7 33. Qxb5 $17) (31... Qc6+ $19 32. Qf3 Qxf3+ 33. Kxf3 Rxd1) 32. Rd2 Rxd2 33. b4 $4 {[%mdl 8192]} (33. Bxd2 $18 Qd5+ 34. Kg1) 33... Rd1 (33... Qc6+ $19 34. Kh3 Rb2) 34. Qg4 $2 {[%mdl 8192] [#]} Rh1 $4 {[%mdl 8192]} 35. Qf3 $2 (35. Qxe6+ {mates} Kh7 36. Kxh1 h5 37. Bd4 g6 38. Qf7+ Kh6 39. Qf8+ Kh7 40. Qh8#) 35... Qc4 $17 {[%csl Gh1][%cal Rc4f1]} 36. Bc5 $2 {[%mdl 8192]} (36. Kh3 $17 Rb1 37. Bc5 Qe6+ 38. Kg2) 36... Rg1+ $4 {[%mdl 40960] Quite a comeback for Black.  Weighted Error Value: White=1.13/Black=0.40. Loss on time!?} 0-1

[Event "VIII Iberoamericano Mexico 2022"]
[Site "Mexico City"]
[Date "2022.02.19"]
[Round "8.17"]
[White "Martin Del Campo Cardenas, Roberto Abel"]
[Black "Galaviz Medina, Sion Radamantys"]
[Result "1-0"]
[WhiteElo "2250"]
[BlackElo "2374"]
[Annotator "TA"]
[PlyCount "61"]
[EventDate "2022.02.12"]
[EventType "swiss"]
[EventCountry "MEX"]
[SourceTitle "playchess.com"]
[Source "ChessBase"]
[SourceQuality "1"]

{[%evp 23,61,46,57,49,53,53,53,53,41,41,64,70,201,193,293,285,404,409,391,378,383,381,697,672,810,670,663,639,1172,623,1141,1118,1460,1199,2136,2097,2760,2566,998,857]} 1. e4 c5 2. Nf3 d6 3. d4 cxd4 4. Nxd4 Nf6 5. Nc3 a6 6. Bg5 e6 7. f4 Be7 8. Qf3 Qc7 9. O-O-O Nbd7 10. g4 {[%cal Bg2g4,Bg4g5,Bg5g6,Bg6f7][%mdl 32]} h6 11. Bxf6 Bxf6 12. h4 Qb6 {12...Nb6 injects fresh life into this line.} 13. Nb3 {B99: Sicilian Najdorf: 6 Bg5 e6 7 f4 Be7 8 Qf3 Qc7 9 0-0-0 Nbd7.} Be7 14. Kb1 Nc5 15. g5 {aiming for f5. White is slightly better.} Bd7 16. f5 {fxe6 is the strong threat.} O-O-O 17. g6 $1 {[#]} Bf6 $146 ({Better is} 17... fxg6 $14 18. fxe6 Bc6) ({Predecessor:} 17... fxg6 18. fxe6 Bc6 19. Bh3 Rhf8 20. Qg4 Rf6 21. Nxc5 dxc5 22. h5 g5 23. Rxd8+ Qxd8 {0-1 (29) Obrien,G (1781)-Boni,R (1719) LSS email 2015}) 18. gxf7 $18 Kb8 {[#]} (18... Rhf8 $142 19. fxe6 Bxe6) 19. Bc4 $1 Bxc3 (19... Nxb3 {was called for.} 20. axb3 exf5) 20. Qxc3 {Black must now prevent Nxc5.} ({Not} 20. bxc3 exf5 21. exf5 Bc6 $16) 20... Nxe4 21. Qxg7 exf5 22. Rhg1 Rhf8 $2 (22... Bc8 23. Qxh8 Rxh8) 23. Qxh6 {White is clearly winning.} Qb4 {[#]} 24. Rg8 $1 d5 25. Bxd5 Bc8 26. Rxf8 Rxf8 27. Rg1 {[%cal Bd1g1,Bg1g8,Bg8c8][%mdl 32]} Qe7 28. Rg8 Rxf7 29. Bxf7 {Strongly threatening Be6.} Qxf7 30. Qf4+ Qc7 {[#]} 31. Rxc8+ $1 {Black did not feel at home in the position after the opening.  Weighted Error Value: White=0.28 (precise) /Black=0.60} 1-0

[Event "VIII Iberoamericano Mexico 2022"]
[Site "Mexico City"]
[Date "2022.02.19"]
[Round "8.18"]
[White "Frey Beckman, Kenneth"]
[Black "Veiga, Jose Francisco R P N"]
[Result "0-1"]
[WhiteElo "2242"]
[BlackElo "2366"]
[Annotator "TA"]
[PlyCount "68"]
[EventDate "2022.02.12"]
[EventType "swiss"]
[EventCountry "MEX"]
[SourceTitle "playchess.com"]
[Source "ChessBase"]
[SourceQuality "1"]

{[%evp 27,68,49,46,40,46,20,23,20,50,41,24,0,0,-21,-30,-44,-30,-55,-49,-51,-56,-80,-77,-76,-86,-100,-111,-181,-181,-177,-172,-366,-351,-433,-433,-422,-417,-399,-388,-755,-509,-1013,-997]} 1. Nf3 Nf6 2. c4 g6 3. Nc3 Bg7 4. e4 d6 5. d4 O-O 6. Be2 c5 7. d5 e6 8. O-O exd5 9. exd5 Bg4 10. h3 Bxf3 11. Bxf3 Nbd7 12. Bg5 a6 13. Qd2 Re8 14. a4 Qa5 15. Qc2 {E75: King's Indian: Averbakh Variation: 6...c5 7 d5 e6.} Qc7 16. a5 Rab8 {[#]} 17. Ra3 $146 {White has an edge.} ({Predecessor:} 17. b3 h6 18. Bd2 Nh7 19. g3 h5 20. Ra2 Qd8 21. Bg2 Bd4 22. Bc1 Qe7 23. Ne2 {½-½ (80) Hillarp Persson,T (2536)-Haldorsen,B (2455) Norway 2020}) 17... Re5 18. Bd2 Rbe8 19. Na4 (19. g4 {feels hotter.} R5e7 20. Bg2 Ne5 21. Nd1 Ned7 22. f3) 19... Ne4 20. Bxe4 Rxe4 21. Rb3 f5 22. Nb6 Nf6 {[%cal Bd7f6,Bf6h5,Bh5f4][%mdl 32]} 23. Rd3 Nh5 24. b4 Nf4 25. Bxf4 Rxf4 26. Qa4 Rfe4 27. b5 (27. Rdd1 $17) 27... axb5 $19 28. Qxb5 Qe7 $1 29. Nd7 $2 (29. Rdd1) 29... Bd4 30. Rxd4 ({Stronger than} 30. Qxb7 Rd8 31. Rb3 Rxd7 $19) 30... cxd4 {[%cal Bc5d4,Bd4d3,Bd3d2][%mdl 32]} ({Less strong is} 30... Rxd4 31. Nf6+ $1 {[%mdl 512]} Qxf6 32. Qxe8+ Qf8 33. Qe6+ Kh8 34. Qd7 Rxc4 35. Rb1 $18) 31. c5 d3 32. c6 {[#]} d2 {And now ...Re1 would win.} 33. Qb2 $2 (33. Qd3 bxc6 34. dxc6) 33... bxc6 34. Nf6+ {[#]} (34. dxc6 $142 Re2 35. Qb4) 34... Qxf6 $3 {[%mdl 512] White got outplayed after the opening.  Weighted Error Value: White=0.68/Black=0.13 (very precise)} 0-1

[Event "VIII Iberoamericano Mexico 2022"]
[Site "Mexico City"]
[Date "2022.02.18"]
[Round "8.19"]
[White "Perez Garcia, Rodney Oscar"]
[Black "Miranda Rodriguez, Tania"]
[Result "1/2-1/2"]
[WhiteElo "2331"]
[BlackElo "2174"]
[Annotator "TA"]
[PlyCount "36"]
[EventDate "2022.02.12"]
[EventType "swiss"]
[EventCountry "MEX"]
[SourceTitle "playchess.com"]
[Source "ChessBase"]
[SourceQuality "1"]

{[%evp 17,19,19,19,13]} 1. e4 e5 2. Nf3 Nc6 3. Bc4 Bc5 4. O-O Nf6 5. d3 a6 6. c3 Ba7 7. Bb3 O-O 8. Re1 {was the old line (8.h3).} d6 9. h3 Be6 10. Nbd2 {[#] An uneventful encounter. C54: Giuoco Piano: 4 c3 Nf6, main lines with 5 d4 and 5 d3.} {Predecessor:} Bxb3 $146 11. axb3 d5 12. Qe2 Re8 13. Nf1 Bc5 14. b4 Bf8 15. Ng3 h6 16. Nf5 Qd7 17. Nh2 Rad8 18. Qf3 Re6 {½-½ (18) Andriasian,Z (2766)-Lysyj,I (2600) Tallinn 2019} 1/2-1/2

[Event "VIII Iberoamericano Mexico 2022"]
[Site "Mexico City"]
[Date "2022.02.19"]
[Round "8.20"]
[White "Noboa Silva, Kevin"]
[Black "Luna Javier, Edgar Froylan"]
[Result "1-0"]
[WhiteElo "2331"]
[BlackElo "2148"]
[Annotator "TA"]
[PlyCount "191"]
[EventDate "2022.02.12"]
[EventType "swiss"]
[EventCountry "MEX"]
[SourceTitle "playchess.com"]
[Source "ChessBase"]
[SourceQuality "1"]

{[%evp 17,191,89,92,88,76,90,85,83,77,91,86,91,97,97,90,91,116,116,139,111,110,109,109,99,121,123,121,95,124,125,136,89,132,132,149,143,152,147,162,162,164,145,171,163,200,194,204,181,202,178,207,206,202,197,291,146,152,152,156,126,126,117,113,122,130,118,124,105,105,105,104,104,97,78,155,137,139,126,118,120,152,123,180,180,139,128,139,139,139,127,125,102,137,126,125,125,125,125,208,200,221,207,293,214,208,214,194,179,197,0,269,269,262,262,262,256,264,254,242,174,283,276,269,174,173,173,173,173,173,173,268,173,173,185,173,412,173,262,173,172,1527,1527,1535,1528,1527,1527,1527,1527,1527,1527,1520,1520,1531,1425,29974,29973,29978,29980,29980,29973,29975,29974,29971,29963,29989,29990,29992,29990,29990,29990,29989,0,29990,29989,29990,29991]} 1. d4 {[%cal Bd2d4,Bd4c5][%mdl 32]} Nf6 2. c4 g6 3. Nc3 d5 4. Nf3 Bg7 5. Bf4 c5 6. dxc5 Qa5 7. cxd5 Nxd5 8. Qxd5 Bxc3+ 9. Bd2 Bxd2+ 10. Qxd2 {D92: Grünfeld: 4 Nf3 Bg7 5 Bf4.} Qxc5 {The main line 10...Qxc5 scores better than 10...Qxd2+.} 11. Rc1 Qf5 12. Nd4 {To avoid Nc6. White is better.} Qd7 {[#]} 13. Qh6 $1 Nc6 14. Nxc6 bxc6 15. Qg7 {[%cal Rg7h8] Inhibits Qd4.} Rf8 16. e3 Bb7 17. Be2 {[#] To avoid Qg4} Qe6 $146 ({Predecessor:} 17... h5 18. O-O e6 19. Bf3 Rc8 20. Rfd1 Qe7 21. Qd4 f6 22. Qxa7 Kf7 23. Qb6 Rc7 {1-0 (32) Snajdr,J (2069)-Peniska,P (2044) Klatovy 2005}) 18. O-O ({And not} 18. Qxh7 Qf6 19. Qh6 Qxb2 $11) 18... Qf6 19. Qxf6 ({Not} 19. Qxh7 $2 Rh8 20. Qxh8+ Qxh8 $19) (19. Qh6 {keeps more tension.} O-O-O 20. a4 Kb8 21. a5 Rh8 22. Rc2) 19... exf6 20. Bf3 Rc8 21. b4 Ke7 22. Rc3 Rc7 23. Rfc1 Rfc8 24. h4 (24. Rc5 $142) 24... Kd6 (24... c5 $142) 25. Rc5 $16 Ba8 26. Kh2 {White is much more active.} Rb8 27. a3 Re8 28. Rd1+ Ke7 29. Kg3 Rd8 30. Rdc1 Rd3 31. Ra5 Rd8 32. Rc2 Rdc8 33. Kf4 h5 34. Ra6 Kd7 35. Rc5 Rb8 (35... Rd8 $142 36. b5 Ke7) 36. Ke4 (36. Rca5 $18) 36... Rb6 37. Raa5 Rb5 38. Kd3 Rxc5 39. Rxc5 {[%mdl 4096] Endgame KRB-KRB} Bb7 40. Kd4 Kd6 41. Be2 Rd7 42. Kc3 Re7 43. Bc4 Bc8 44. Ra5 Be6 45. g3 Rd7 (45... Bg4 $142) 46. Ra6 Rc7 47. Kd4 Bc8 48. Ra5 Be6 49. e4 Rd7 (49... Bh3 $16 {is a better defense.} 50. Bd3 Bg4) 50. Kc3 Re7 51. f3 Bh3 52. Kd4 Rd7 53. Ke3 Be6 54. Be2 Re7 55. Bd3 Rb7 56. Ba6 Rc7 57. Kd4 {To avoid c5+} Rd7 (57... Bh3 $16 58. Bd3 Rd7) 58. Bc8 $1 $18 Rc7 59. Bxe6 fxe6 {KR-KR} (59... Kxe6 $142 60. Kc5 Ke5) 60. e5+ fxe5+ 61. Rxe5 Rf7 62. f4 Rf5 63. Rxf5 $2 (63. Ke4 $1 $18) 63... exf5 $4 {[%mdl 8192] KP-KP} (63... gxf5 $11 64. a4 Kd7) 64. Kc4 {Hoping for Kd4.} Kd7 65. Kc5 Kc7 66. b5 cxb5 67. Kxb5 {Intending Kc5 and mate.} Kb7 68. Kc5 Ka6 69. Kd5 Kb5 70. Ke6 a5 71. Kf6 Ka4 72. Kxg6 Kxa3 73. Kxf5 {g4 would kill now. K3P-KPP} Kb3 {[#]} (73... a4 $142 74. Kg6 Kb3) 74. Kg6 $1 a4 75. f5 a3 76. f6 a2 77. f7 a1=Q {( -> ...Qh8)} 78. f8=Q {To avoid Qh8. KQ-KQ} Kc4 $2 (78... Qe5 79. Qf7+ Ka3) 79. Qf4+ Kd5 80. Qf5+ Kc4 81. Kxh5 Qh8+ 82. Kg4 Qg7+ 83. Kh3 {White wants to mate with Qg4+.} Qa1 84. Qe4+ Kc5 85. h5 {[%cal Bh4h5,Bh5h6,Bh6h7][%mdl 32] Threatening mate with h6.} Kd6 86. Kg4 Kd7 87. h6 Qh8 88. Qb7+ Ke6 89. h7 Qd4+ {[#]} 90. Kh3 $1 Kf5 91. Qc8+ Kg5 92. Qg8+ Kf5 93. Qf8+ Kg6 94. Qg8+ Kf5 95. Qf7+ Kg5 96. Qf4+ {Weighted Error Value: White=0.11 (very precise) /Black=0.16 (very precise)} 1-0

[Event "VIII Iberoamericano Mexico 2022"]
[Site "Mexico City"]
[Date "2022.02.19"]
[Round "8.21"]
[White "Tapie Amione, Pablo Adib"]
[Black "Perez Rodriguez, Luis Manuel"]
[Result "1/2-1/2"]
[WhiteElo "2241"]
[BlackElo "2324"]
[Annotator "TA"]
[PlyCount "59"]
[EventDate "2022.02.12"]
[EventType "swiss"]
[EventCountry "MEX"]
[SourceTitle "playchess.com"]
[Source "ChessBase"]
[SourceQuality "1"]

{[%evp 19,59,30,22,17,23,15,17,18,11,22,22,10,12,19,15,24,30,16,21,0,0,-22,-23,-79,-11,-20,-20,-20,-6,-37,-35,-76,-82,-76,-85,-75,-73,-69,0,0,0,0]} 1. e4 e5 2. Nf3 Nc6 3. Bb5 a6 4. Ba4 Nf6 5. O-O b5 6. Bb3 Be7 7. Re1 O-O 8. a4 Bb7 9. d3 Re8 10. h3 h6 11. Nc3 {C88: Closed Ruy Lopez: Anti-Marshall Systems.} b4 12. Nd5 Na5 {[#]} 13. Nxf6+ $146 ({Predecessor:} 13. Ba2 Nxd5 14. Bxd5 Bxd5 15. exd5 Bf6 16. Bd2 c6 17. Bxb4 cxd5 18. Nd2 Nc6 19. Ba3 {0-1 (49) Shirov,A (2739)-Adams,M (2729) Moscow 2007}) 13... Bxf6 14. Ba2 d5 15. Bd2 c5 16. Nh2 dxe4 17. dxe4 Bg5 18. Bxg5 Qxg5 ({Much less strong is} 18... Qxd1 19. Raxd1 hxg5 20. Rd7 $16) 19. Bd5 Rad8 {[%cal Ba8d8,Bd8d5,Bd5c5][%mdl 32]} 20. Qf3 Bxd5 21. exd5 {[#]} e4 (21... Qg6 $1 $17 22. Ng4 e4) 22. Rxe4 $11 Rxe4 23. Qxe4 Qxd5 24. Qxd5 Rxd5 {[%mdl 4096] Endgame KRN-KRN} 25. Nf3 {[#]} (25. Nf1 $15 {feels stronger.}) 25... Nc4 $1 $17 26. b3 Na3 27. Rc1 c4 28. bxc4 Rc5 (28... Nxc4 $15 29. Kf1 Nb6) 29. Nd2 $11 Nxc4 30. Nb3 {Weighted Error Value: White=0.06 (flawless) /Black=0.08 (flawless)} 1/2-1/2

[Event "VIII Iberoamericano Mexico 2022"]
[Site "Mexico City"]
[Date "2022.02.19"]
[Round "8.22"]
[White "Hernandez Jimenez, Alexander Andres"]
[Black "Dominguez Aguilar, Guillermo"]
[Result "1/2-1/2"]
[WhiteElo "2167"]
[BlackElo "2321"]
[Annotator "TA"]
[PlyCount "119"]
[EventDate "2022.02.12"]
[EventType "swiss"]
[EventCountry "MEX"]
[SourceTitle "playchess.com"]
[Source "ChessBase"]
[SourceQuality "1"]

{[%evp 17,119,51,83,58,70,57,68,22,14,11,104,98,101,100,104,94,123,29,27,23,64,52,70,16,5,24,95,-2,-5,-57,-67,-59,-63,-66,-73,-75,-58,-64,-64,-64,-43,-47,-58,-90,-91,-91,-62,-137,-51,-125,-56,-43,-21,-20,-10,-82,-82,-82,-82,-82,0,0,0,0,0,-14,0,-8,0,0,0,0,0,0,0,0,0,0,0,0,0,0,0,0,0,0,0,0,0,0,0,0,0,0,0,0,0,0,0,0,0,0,0,0]} 1. e4 c5 2. Nf3 Nc6 3. d4 cxd4 4. Nxd4 g6 5. c4 Bg7 6. Be3 Nf6 7. Nc3 O-O 8. Be2 d6 9. O-O a5 10. Qd2 {White is more active. B38: Sicilian: Maroczy Bind with 5...Bg7 and 7...0-0.} a4 11. Ndb5 {[#]} Be6 $146 ({Predecessor:} 11... Qa5 12. f3 Be6 13. Rab1 Nd7 14. Rfd1 Rfc8 15. b3 axb3 16. axb3 Nc5 17. Qb2 Qb4 18. Qc2 Qa5 19. Qb2 Qb4 20. Qc2 Qa5 {½-½ (22) Bacrot,E (2715)-Iturrizaga Bonelli,E (2662) Linares 2017}) 12. h3 (12. Rab1 $14 {is more appropriate.}) 12... Na5 $1 $11 13. Na3 Qc8 (13... Rc8 $11) 14. Nd5 Nxe4 15. Nxe7+ Kh8 16. Qc2 ({Stronger than} 16. Nxc8 Nxd2 17. Rfd1 (17. Bxd2 Rfxc8 18. Rab1 Nxc4 $17) 17... Ndxc4 18. Bxc4 Nxc4 19. Nxc4 Raxc8 20. Nxd6 Rc2 $15) 16... Qd7 17. Qxe4 (17. Nd5 $16 Bxd5 18. cxd5) 17... Qxe7 18. Bd4 Rfe8 (18... Nc6 $11 19. Bxg7+ Kxg7) 19. Rfe1 $14 Qg5 20. Bxg7+ (20. h4 $14 Qe7 21. Rad1) 20... Kxg7 $11 21. Qd4+ Kg8 (21... Qf6 $11 {keeps the balance.} 22. Rad1 (22. Qxd6 Qxb2 23. Rab1 Qf6 $11) 22... Qxd4 23. Rxd4 Rec8) 22. Bg4 (22. Nb5 $1 $16) 22... Nc6 23. Qxd6 (23. Qc3 $11) 23... Bxg4 $15 24. hxg4 Qxg4 25. Qg3 Qxg3 26. fxg3 Ne5 27. b3 axb3 28. axb3 Ng4 {Threatens to win with ...Rxe1+.} (28... Nc6 $5 {[%cal Re8e1]} 29. Rxe8+ Rxe8 $17) 29. Rxe8+ Rxe8 {[%mdl 4096] Endgame KRN-KRN} 30. Nc2 Re2 31. Rc1 Kf8 32. b4 (32. c5 $1 $15) 32... Ne5 ({Black should try} 32... Re4 $1 $17 {[%cal Re4c4]} 33. Na3 Re3) 33. Kf1 {[#]} ({White should play} 33. c5 $1 $15) 33... Rd2 (33... Re4 $1 $17 34. Na3 Nd3) 34. Ne3 h5 35. b5 Nd3 36. Rc2 (36. Rd1 $11 {remains equal.} Rxd1+ 37. Nxd1) 36... Rxc2 $17 37. Nxc2 {[#] KN-KN} Ke7 $1 38. Ke2 Nc5 (38... Ne5 $17 39. Ke3 Nxc4+ 40. Kd4 Nb6) 39. Ke3 $11 {The position is equal.} Kd6 40. Nd4 Ne6 {Strongly threatening ...Nxd4.} 41. Nb3 f5 42. Na5 Nc5 43. Kf4 Ke6 44. Kg5 Kf7 {...Kg7 is the strong threat.} (44... b6 $5 45. Nc6 Ne4+ 46. Kxg6 Nd6 $16) 45. Kh6 Kf6 46. b6 Kf7 {aiming for ...Kf6.} 47. Kh7 $1 Kf6 {White must now prevent ...g5.} 48. Kh6 f4 (48... Kf7 $5 49. Kh7 Kf6 50. Kh6 $11) 49. gxf4 h4 50. Kh7 g5 51. fxg5+ Kxg5 52. Kg7 Kg4 {Hoping for ...Kg3.} 53. Kg6 Kf4 54. Kh5 Kg3 55. Kg5 Ne6+ 56. Kh5 Nf4+ 57. Kg5 Ne6+ 58. Kh5 Nc5 59. Nxb7 Nxb7 60. Kg5 {Weighted Error Value: White=0.17 (very precise) /Black=0.18 (very precise)} 1/2-1/2

[Event "VIII Iberoamericano Mexico 2022"]
[Site "Mexico City"]
[Date "2022.02.19"]
[Round "8.23"]
[White "Perez Gormaz, Matias"]
[Black "Gongora Montes, Benjamin"]
[Result "1-0"]
[WhiteElo "2404"]
[BlackElo "2157"]
[Annotator "TA"]
[PlyCount "79"]
[EventDate "2022.02.12"]
[EventType "swiss"]
[EventCountry "MEX"]
[SourceTitle "playchess.com"]
[Source "ChessBase"]
[SourceQuality "1"]

{[%evp 10,79,22,26,47,22,25,16,33,23,25,-2,31,38,33,39,57,56,79,58,90,85,102,108,121,114,162,157,250,248,220,240,268,267,250,187,202,202,205,208,198,170,209,120,127,117,133,127,160,152,160,136,191,193,297,297,295,271,353,352,385,375,430,445,773,479,827,764,29978,29976,1585,856]} 1. e4 e5 2. Nf3 Nc6 3. Bb5 a6 4. Ba4 Nf6 5. d3 d6 6. c3 h6 {C77: Ruy Lopez: 3...a6 4 Ba4 Nf6, unusual lines.} 7. Nbd2 Bd7 8. Nf1 g6 {The position is equal.} 9. Ng3 Bg7 10. h3 O-O 11. O-O Qe7 12. Re1 Kh7 13. d4 {[%cal Bd3d4,Bd4d5][%mdl 32]} Rad8 {[#]} 14. Bc2 $146 ({Predecessor:} 14. d5 Nb8 15. Bc2 c6 16. c4 Rc8 17. Be3 b5 18. b3 cxd5 19. cxd5 Qd8 20. Qd2 {½-½ (42) Stojanovic,D (2424)-Pajkovic,V (2425) Yugoslavia 2003}) 14... Ng8 15. d5 (15. Qd2 {looks sharper.} Na5 16. b3 b5 17. Bb2 c5 18. d5) 15... Nb8 16. c4 {White is more active.} Kh8 17. Rb1 f5 (17... Rc8 $16 {was necessary.}) 18. exf5 $18 Bxf5 (18... gxf5 $16 19. Nd4 e4) 19. Nxf5 gxf5 {[#]} 20. Nd4 $1 {[%mdl 512]} e4 (20... Qd7 21. Ne6) 21. Ne6 Nd7 22. Qh5 ({But not} 22. Nxf8 Rxf8 23. f3 Qh4) 22... Ne5 23. b3 Rde8 24. Nxf8 Rxf8 25. Bb2 Qd7 26. Bxe5 ({White should play} 26. Kh1 $18) 26... Bxe5 $16 27. Kh1 Qg7 28. Rf1 Rf6 29. f4 Bd4 30. Rbd1 Bc3 (30... Ba7 $16) 31. g4 $18 fxg4 (31... Qf7 $142 32. Qxf7 Rxf7) 32. Bxe4 g3 33. Qg4 Qe7 34. Bb1 Qf7 35. Rf3 ({Don't take} 35. Qxg3 Be5 36. Rde1 Bxf4 $18) 35... Bb2 36. Qxg3 Ne7 (36... Be5 $142 37. Rdf1 Bd4) 37. Re1 {[#] And now Rfe3 would win.} Ng6 (37... Be5 $142 38. Qg4 Qf8) 38. Qf2 Ba3 39. Bxg6 Rxg6 40. b4 {Weighted Error Value: White=0.17 (very precise) /Black=0.55} 1-0